| 000 | 00415cam a2200169ua 4500 | ||
|---|---|---|---|
| 020 | _c6.60 | ||
| 041 |
_aeng _h |
||
| 082 |
_a336 _bHIC/PU |
||
| 100 | _aHicks, Ursula K. | ||
| 245 |
_aPublic finance / _cUrseela K Hicks. _hTextual Documents |
||
| 260 |
_aCambridge : _bCambridge University Press , _c1959. |
||
| 300 |
_a358 ; _e`. |
||
| 365 | _a6.60 | ||
| 504 | _a | ||
| 942 | _cBK | ||
| 999 |
_c11897 _d11897 |
||